000 00278nam a2200121Ia 4500
008 191201s2012 xx 000 0 und d
100 _aCHOPRA, Rajiv
245 0 _aArtificial Intelligence
260 _bS. Chand
_c2012
300 _a392
650 _aB.Tech(IT)
942 _2ddc
_cBK
999 _c7036
_d7036